000 00504nam a22001932 4500
001 0000004129
005 20170406115601.0
008 140818s xx 000 0 eng d
020 _c$
040 _aYour Holding Symbol
_cYour Holding Symbol
100 1 _aButts,Denis.
245 1 0 _aPoems of second world war.
250 _a ed.
260 _acanada :
_bOasis trust,
_c1992.
300 _a160 p. ;
_c cm.
504 _abibliography.
650 0 _apoems of war.
908 _a140818
999 _c3970
_d3970